Music Quiz

Random Music or Bands Quiz

What year did this band release their debut album III? Quiz Stats

 Plays Quiz not verified by Sporcle

Support Sporcle.
Go Orange.
Score 0/25 Timer 10:00
0 Plays Today
% Correct
the beach boys - surfin' safari
82.4%
iron maiden - iron maiden
79.4%
bob dylan - bob dylan
79.4%
madonna - madonna
79.4%
david bowie - david bowie
76.5%
r.e.m. - murmur
76.5%
phil collins - face value
76.5%
ozzy osbourne - blizzard of ozz
76.5%
bruce springsteen - greetings from asbury park, n.j.
73.5%
talking heads - talking heads 77
73.5%
huey lewis and the news - huey lewis and the news
67.6%
elvis costello - my aim is true
64.7%
poison - look what the cat dragged in
64.7%
% Correct
the velvet underground - the velvet underground & nico
58.8%
bob marley and the wailers - the wailing wailers
58.8%
genesis - from genesis to revelation
58.8%
judas priest - rocka rolla
52.9%
neil young - neil young
52.9%
pretenders - pretenders
52.9%
billy joel - cold spring harbor
47.1%
tom petty and the heartbreakers - tom petty and the heartbreakers
44.1%
journey - journey
44.1%
van morrison - blowin' your mind!
38.2%
ted nugent - ted nugent
35.3%
rod stewart - an old raincoat won't ever let you down
32.4%

You're not logged in!

Compare scores with friends on all Sporcle quizzes.
OR
Log In

From the Vault

The Dark Tower

by Phil_Rose

A fantastic fantasy series from the master of horror.
Remove Ads.
Support Sporcle.
Get the best of Sporcle when you Go Orange. This ad-free experience offers more features, more stats, and more fun while also helping to support Sporcle. Thank you for becoming a member.

Show Comments

Extras

Top Quizzes Today


Score Distribution

Your Account Isn't Verified!

In order to create a playlist on Sporcle, you need to verify the email address you used during registration. Go to your Sporcle Settings to finish the process.

Report this User

Report this user for behavior that violates our Community Guidelines.

Details: